| 000 | 00410nam a2200169Ia 4500 | ||
|---|---|---|---|
| 008 | 230524s9999 xx 000 0 und d | ||
| 020 | _a8178081040 | ||
| 082 |
_a4 _bSET |
||
| 100 | _aRavi sethi | ||
| 245 | 0 | _aProgramming Language Concepts and Constructs | |
| 250 | _a2ND | ||
| 260 |
_aNEW DELHI _bPearson _c2003 |
||
| 300 | _aXV;639 | ||
| 500 | _aQuantity Number: 12 | ||
| 650 | _aComp-Sc | ||
| 942 | _cBK | ||
| 999 |
_c22424 _d22424 |
||